TOP 100 na SBM Label - Statystyki

Ogólne statystyki
  • Ten quiz został rozwiązany 1 959 razy
  • Średni wynik to 37 z 100
Statystyki odpowiedzi
Wskazówka Tytuł piosenki % Poprawnych
White 2115 California
95%
Deemz x Bedoes x PlanBe Eldorado
87%
Mata Patointeligencja
85%
Mata Patoreakcja
83%
Mata Schodki
81%
Mata ft. Quebonafide, Malik Montana Papuga
76%
Mata Kiss cam (podryw roku)
75%
Bedoes & Kubi Producent ft. Golec uOrkiestra Janosik
69%
Bedoes & Lanek Jesteś ładniejsza niż na zdjęciach (na zawsze)
66%
SB Maffija A nie pamiętasz jak?
65%
Bedoes & Lanek Opowieści z Doliny Smoków
65%
Bedoes & Kubi Producent ft. Koldi, Young Multi, Beteo Delfin
62%
Bedoes & Kubi Producent 05:05
59%
White 2115 Morgan
57%
SB Maffija Hotel Maffija
56%
Beteo ft. ReTo Meow
56%
White 2115 Mogę dziś umierać
56%
Jan-rapowanie & NOCNY ft. Szpaku, Guzior Wybory
55%
Bedoes & Kubi Producent ft. Taco Hemingway Chłopaki nie płaczą
53%
White 2115 ft. Bedoes, Kuqe 2115 Nowi Kumple
52%
Bedoes & Lanek 1998 (mam to we krwi)
49%
Mata Szmata
49%
Mata ft. White 2115 La la la (oh oh)
48%
White 2115 Rockstar
47%
Bedoes & Kubi Producent ft. Rafonix Toy story
46%
Mata Mata Montana
44%
Jan-rapowanie & NOCNY ft. Holak Układanka
44%
Białas & Lanek Grill u Gawrona
43%
Mata Prawy do lewego
43%
Bedoes & Lanek VOGUE
43%
Deemz x Białas x szpaku Ból
42%
White 2115 La Vida Loca
42%
Bedoes & Kubi Producent Biały i młody
41%
Białas ft. Mata Drift
41%
Solar/Białas Intercontinental Bajers
41%
Bedoes & Lanek Nadchodzi lato
41%
Białas ft. Mata PDW
40%
Bedoes & Lanek Smoki
40%
Bedoes & Lanek ft. DJ Johny Brzydkie rzeczy
39%
Bedoes & Kubi Producent Kwiat Polskiej Młodzieży
39%
White 2115 Noc
39%
White 2115 Pałac
38%
Deemz x Bedoes x Young Multi Gucci Mane
37%
Bedoes Gustaw
37%
SB Maffija ft. Wac Toja, Koldi ZABIJA #3 / TWERK
37%
Bedoes & Lanek feat. KUQE 2115 Łzy (pierwszy numer na tej płycie)
36%
White 2115 Papieros
35%
Lanek ft. Żabson, Smolasty, Kizo Safari
35%
Drużyna 2115 Czarownica
33%
White 2115 Do zachodu słońca
33%
Białas W imię ojca trapu
33%
Bedoes & Lanek FPS
32%
Białas & Lanek ft. Quebonafide Ganges
31%
Bedoes & Lanek TOAST
31%
Bedoes & Lanek Lesbijki
30%
Białas & Lanek ft. Bedoes Na serio
30%
Białas ft. Szpaku Sępy
30%
Mata Żółte flamastry i grube katechetki
30%
Bedoes & Kubi Producent ft. Białas, Eldo Gady
29%
Białas ft. Zui Mali ludzie, wielkie nieba
29%
Bedoes & Lanek ft. Białas, Taco Hemingway SAUVAGE
28%
Mata Tango
28%
White 2115 Trzy butelki
28%
Bedoes & Kubi Producent Wow
28%
Solar ft. Quebonafide Ostatni snap
27%
Mata Piszę to na matmie
27%
Bedoes & Lanek ft. Blacha 2115 Playboy (dla Lanka)
27%
Białas Piękna
26%
White 2115 Porsche
26%
Jan-rapowanie & NOCNY Wszystko OK
26%
Bedoes & Lanek ft. Malik Montana Fresh prince (trill 4 ever)
25%
Bedoes & Kubi Producent Gang, gang, gang
25%
Lanek ft. Białas, ReTo Pressing
25%
White 2115 ft. Białas Sos mula
24%
White 2115 Sen
24%
Białas & Lanek ft. Paluch Ale ja nie
23%
Solar/Białas ft. ReTo, Quebonafide, Wac Toja Brudna prawda
23%
White 2115 Cry Baby
23%
Bedoes & Lanek ft. Pressa Michelangelo
23%
Bedoes & Kubi Producent Napad
22%
Bedoes & Kubi Producent 1000 koni
21%
Bedoes & Lanek City Boy :*
21%
Solar/Białas ft. Wac Toja Nie dla Ciebie
21%
SB Maffija Zimna noc i szybkie auta
21%
Bedoes & Kubi Producent Bardzo przepraszam
20%
MIYO x Bedoes Choker
20%
Jan-rapowanie & NOCNY ft. Szpaku Niech to usłyszą
20%
Quebonafide x Kuban x Kuba Knap Żadnych zmartwień
20%
Białas & Lanek HOW
18%
Bedoes & Kubi Producent Rivendell
18%
Białas ft. Bedoes Patrzcie idzie frajer
16%
Białas ft. Solar, Beteo Tracimy kontrolę
15%
Białas Blakablakablaka
14%
Białas ft. Zelo PTP Witam Cię 2k16
14%
Beteo Czego?!
13%
Zelo PTP ft. Białas Wino, kobiety i śpiew
12%
Białas & Lanek SIMIA
11%
Bedoes | Mata #Hot16Challenge2
9%
Białas Jeden żyć
9%
Nie znaleziono quizów pasujących do podanych kryteriów
Rozkład punktacji
Procent ludzi z każdym wynikiem
Percentyl według liczby udzielonych odpowiedzi
Twoja historia wyników
Nie rozwiązałeś tego quizu